000
00282 a2200109 4500
090
_c
4959
_d
4959
100
_a
Kenneth C.Laudon
245
_a
E-Commerce Business.Technology.Society
250
_a
4th Ed
260
_a
Pearson Education
_b
New York
_c
2009
942
_a
NBS
_c
BK
_k
658.872 LAU
999
_c
347387
_d
347387